Grenzen überqueren #3 - Statistiken

Allgemein
  • Dieses Quiz wurde 171 mal gespielt
  • Das Durchschnittsergebnis liegt bei 13 aus 15
Antwortstatistiken
Starte in Reisen Land % Korrekt
Papua-Neuguinea West Indonesien
96%
Mongolei Nord Russland
95%
Nordkorea Süd Südkorea
95%
Uruguay West Argentinien
94%
Lichtenstein Ost Österreich
93%
Afghanistan West Iran
91%
Panama Ost Kolumbien
87%
Vereinigte Arabische Emirate Süd Saudi-Arabien
87%
Libanon Ost Syrien
87%
Nordmazedonien Ost Bulgarien
84%
Singapur Nord Malaysia
84%
Togo West Ghana
81%
El Salvador Ost Honduras
81%
Eswatini Ost Mosambik
78%
Sierra Leone Nord Guinea
73%
Keine übereinstimmenden Quizze gefunden
Verteilung der Resultate
Anzahl Personen mit jedem Resultat
Perzentil nach korrekt beantworteten Fragen
Ihre Resultats-Entwicklung
Sie haben dieses Quiz noch nicht gespielt